U.S States With the Letter W - Statistics

General Stats
  • This quiz has been taken 134 times
  • The average score is 10 of 11
Answer Stats
U.S States % Correct
Wyoming
98%
Washington
97%
Wisconsin
95%
New York
94%
New Jersey
92%
West Virginia
92%
New Mexico
91%
Hawaii
86%
Delaware
85%
Iowa
84%
New Hampshire
84%
No matching quizzes found
Score Distribution
Percent of People with Each Score
Percentile by Number Answered
Your Score History
You have not taken this quiz